Cameronove dilemy

Politologický názor v dennej tlači ohľadom politického vývoja v Spojenom kráľovstve počas volieb v roku 2015, keď sa na základe predvolebných prieskumov do poslednej chvíle očakávali „hung parliament“- zaseknutý parlament, čo by bolo nevšednou kuriozitou, čo sa však nestalo.

Guardado en:
Detalles Bibliográficos
Autor principal: Augustín, Michael, 1991-
Formato: Capítulo de libro
Lenguaje:eslovaco
Materias:
Etiquetas: Agregar Etiqueta
Sin Etiquetas, Sea el primero en etiquetar este registro!

MARC

LEADER 00000naa a2200000 4500
001 0280468
005 20240502074344.0
041 0 |a slo 
044 |a SK 
245 1 0 |a Cameronove dilemy  |c Michael Augustín 
520 |a Politologický názor v dennej tlači ohľadom politického vývoja v Spojenom kráľovstve počas volieb v roku 2015, keď sa na základe predvolebných prieskumov do poslednej chvíle očakávali „hung parliament“- zaseknutý parlament, čo by bolo nevšednou kuriozitou, čo sa však nestalo. 
610 2 0 |a politológia 
610 2 0 |a voľby 
610 2 0 |a parlamenty 
610 2 0 |a vláda 
610 2 0 |a situácia politická 
610 2 0 |a vývoj politický 
610 2 0 |a Spojené kráľovstvo 
610 2 0 |a Veľká Británia 
100 1 |a Augustín, Michael, 1991-